One Hit Wonders 2 - Statistics

General Stats
  • This quiz has been taken 63 times
    3 since last reset
  • The average score is 5 of 15
Answer Stats
Hint Answer % Correct
Bad Day Daniel Powter
100%
Take My Breath Away Berlin
67%
Blue (Da Ba Dee) Eiffel 65
67%
MMMBop Hanson
67%
Running Up That Hill Kate Bush
67%
Do You Believe In Magic? The Lovin' Spoonful
33%
Life Is a Highway Tom Cochrane
33%
Shut Up and Dance WALK THE MOON
33%
Teenage Dirtbag Wheatus
33%
Ridin Chamillionaire
0%
Butterfly Crazy Town
0%
7 and 7 Is Love
0%
Operator Midnight Star
0%
Make You Mine PUBLIC
0%
Send Me On My Way Rusted Root
0%
No matching quizzes found
Score Distribution
Percent of People with Each Score
Percentile by Number Answered
Your Score History
You have not taken this quiz since the last reset